000
00385nam a22001577a 4500
003
macl
005
20170104150048.0
008
170104b xxu||||| |||| 00| 0 eng d
040
_c
macl
082
_a
900
100
_a
NCERT
_9
4590
245
_a
हमारे अतीत- lll
260
_a
दिल्ली
_b
NCERT
_c
2008
650
_2
इतिहास
942
_2
ddc
_c
HIN
999
_c
55702
_d
55702